00321nam a2200109Ia 4500008004100000082002000041100001800061245001600079260003400095630001800129650006400147211109s9999||||xx |||||||||||||| ||und|| a894.8121bNAI-R aNair Dr P S,  0aRagavallari bMalayala RaggamaQuilonc1913 xGeneral Stack aMalayalam LiteraturevMalayalam PoetryLiteraturexGeneralia